Prieskum názorov poslucháčov EU PHF v Košiciach na spoplatňovanie vysokoškolského štúdia
Stanovisko k návrhu spoplatňovania štúdia na slovenských vysokých školách a univerzitách na základe výsledkov dotazníkového prieskumu realizovaného na Podnikovohospodárskej fakulte v Košiciach. Prostredníctvom dotazníkovej metódy sa zisťovali názory poslucháčov EU v Bratislave, PHF v Košiciach na vy...
Na minha lista:
| Autor principal: | |
|---|---|
| Outros Autores: | |
| Formato: | Capítulo de Livro |
| Idioma: | eslovaco |
| Assuntos: | |
| Tags: |
Sem tags, seja o primeiro a adicionar uma tag!
|
MARC
| LEADER | 00000naa$a2200000$$$4500 | ||
|---|---|---|---|
| 001 | 0049385 | ||
| 005 | 20240502071554.1 | ||
| 041 | 0 | |a slo | |
| 044 | |a SK | ||
| 245 | 1 | 0 | |a Prieskum názorov poslucháčov EU PHF v Košiciach na spoplatňovanie vysokoškolského štúdia |c Anna Čepelová, Cecília Olexová |
| 520 | |a Stanovisko k návrhu spoplatňovania štúdia na slovenských vysokých školách a univerzitách na základe výsledkov dotazníkového prieskumu realizovaného na Podnikovohospodárskej fakulte v Košiciach. Prostredníctvom dotazníkovej metódy sa zisťovali názory poslucháčov EU v Bratislave, PHF v Košiciach na vybrané problémy spoplatňovania vysokoškolského štúdia. Výsledky prieskumu boli analyzované a porovnávané s výsledkami výskumov, ktoré boli publikované v dennej tlači a na oficiálnych stránkach Ministerstva školstva, Ústavu informácií a prognóz školstva a Študenskej rady vysokých škôl. | ||
| 610 | 2 | 0 | |a vzdelávanie vysokoškolské |
| 610 | 2 | 0 | |a poplatky |
| 610 | 2 | 0 | |a reformy školské |
| 610 | 2 | 0 | |a dotazníky |
| 100 | 1 | |a Čepelová, Anna | |
| 700 | 1 | |a Olexová, Cecília, 1976- | |